000 00682nam a2200169Ia 4500
008 0000002003 fr d 0000000000spa00
090 _aPPR02 R61a1
100 1 _aRocheRabell, Arnaldo
_d1955
245 1 0 _aArnaldo Roche
_b: pinturas sobreviviendo la demencia = painting surviving insanity [Disco compacto]
300 _a1 CD ROM bajo Windows ; 12 cm.
600 0 0 _aROCHERABELL, ARNALDO, 1955 /
_xTRABAJOS PICTORICOS
650 1 4 _aARTE CONTEMPORANEO PUERTORRIQUEÑO CDROM
650 1 4 _aPINTORES PUERTORRIQUEÑOS CDROM
650 1 4 _aPINTURA PUERTORRIQUEÑA CDROM
711 _aArnaldo Roche : Painting Surviving insanity
999 _c8656
_d8656
260 _a< s.l. : s.n. >
_c2003